000 00998nam a22002417a 4500
010 _aB-082424
020 _a8173806677
_c400.00
035 _aB-082424
037 _aCen Lib / Ret
040 _aDPL
_bPN
082 _a595.789
_bਸੈਣੀਮ
100 _aਸੈਣੀ, ਮਲਕੀਅਤ ਸਿੰਘ
_9132685
245 _aਪੰਜਾਬ ਦੀਆਂ ਤਿਤਲੀਆਂ /
_cਮਲਕੀਅਤ ਸਿੰਘ ਸੈਣੀ
246 _aPunjab dian titlian : Punjabi /
_bby Malkiat Singh Saini
260 _aਪਟਿਆਲਾ
_bਪੰਜਾਬੀ ਯੂਨੀਵਰਸਿਟੀ
_c2000
270 _aਪੰਜਾਬੀ ਯੂਨੀਵਰਸਿਟੀ
_bਪਟਿਆਲਾ
300 _a121p ;
_b24cm(Hb)
650 _aButterflies -- India -- Punjab.
_9132686
650 _aIndia -- Punjab.
_9132687
650 _aਭਾਰਤ - ਪੰਜਾਬ
_934
650 _aਤਿਤਲੀਆਂ -- India -- Punjab.
_9132688
942 _2ddc
_cPN
_h595.789
_mਸੈਣੀਮ
999 _c111001
_d111001